000 00720nam a2200289Ia 4500
005 20260324124822.0
008 008 260324s9999 xx 000 0 eng d
020 _a9780203857731
037 _aEBOOK
040 _aCRL
040 _beng
040 _cCRL
041 _2eng
041 _aeng
084 _qCRL
100 _aJoseph Nevins
_91175611
245 0 _aOperation Gatekeeper and Beyond
245 4 _bThe War On "Illegals" and the Remaking of the U.S. – Mexico Boundary
260 _bTaylor and Francis
260 _c2010
365 _a
365 _b255
856 _uhttp://www.taylorfrancis.com/books/9780203857731
942 _cEBOOK
999 _c1770347
_d1770347